Ecology and empire--the structure of the Urartian state /

Saved in:

Main Author: Zimansky, Paul E.

Format: Book

Language: English

Published: Chicago, Ill. : Oriental Institute of the University of Chicago, 1985.

Series: Studies in Ancient Oriental Civilization ; 41.
SAOC ; 41.

Subjects:

Tags: Add Tag

No Tags, Be the first to tag this record!

Call Number: DS57 .C5 v.41

LEADER 01184cam a2200349 a 4500
001 4734809
003 OSt
005 20260312080313.0
008 231227s1985 iluaf b 001 0 eng c
010 |a  84062112  
020 |a 0918986419   |q (pbk.) 
040 |c ARCE Library 
043 |a a-tu--- 
050 0 |a DS57 .C5 v.41 
100 1 |a Zimansky, Paul E. 
245 1 0 |a Ecology and empire--the structure of the Urartian state /  |c Paul E. Zimansky. 
260 |a Chicago, Ill. :  |b Oriental Institute of the University of Chicago,  |c 1985. 
300 |a xv, 141 p., [31] p. of plates :  |b ill. ;  |c 28 cm. 
490 0 |a Studies in Ancient Oriental Civilization ;   |v 41. 
490 0 |a SAOC ;   |v 41. 
500 |a Based on the author's thesis (Ph. D.--University of Chicago). 
500 |a Includes indexes. 
504 |a Bibliography : p. 103-128. 
650 0 |a Human geography   |z Turkey   |z Van. 
650 0 |a Ecology  |z Turkey  |z Van. 
650 0 |a Environmental archaeology  |z Turkey  |z Van. 
651 0 |a Urartu  |x Politics and government. 
651 0 |a Van (Turkey)  |x History. 
651 0 |a Van (Turkey)   |x Constitutional history. 
901 |a reviewed 
942 |2 lcc  |c BK 
999 |c 55171  |d 55171